| 000 | 00737cam a2200265 a 4500 | ||
|---|---|---|---|
| 999 |
_c1166 _d1166 |
||
| 001 | .b27109197 | ||
| 003 | OSt | ||
| 005 | 20220804110540.0 | ||
| 008 | 180719s2011 nyu 000 1 eng d | ||
| 020 |
_a9780446610391 _q(pbk.) : |
||
| 020 | _a0446610399 | ||
| 040 |
_aNTNU _cNTNU _dRDI _dKH8 |
||
| 042 | _anbic | ||
| 082 | 0 | _aFIC SPA | |
| 100 | 1 |
_aSparks, Nicholas. _eAuthor |
|
| 245 | 1 | 4 |
_aThe rescue / _cNicholas Sparks. |
| 260 |
_aNew York : _bGrand Central Publishing, _cc2011. |
||
| 300 |
_axiv, 444 p. ; _c18 cm. |
||
| 650 | 0 |
_aVolunteer fire fighters _vFiction. |
|
| 650 | 0 |
_aMissing children _vFiction. |
|
| 650 | 0 |
_aSingle mothers _vFiction. |
|
| 651 | 0 |
_aEdenton (N.C.) _vFiction. |
|
| 942 |
_2ddc _cFIC |
||